مكتبة جامعة عجلون الوطنية

فهرس بحث المكتبة

Normal view MARC view
  • الشركات التجارية -- المصارف

Entry Topical Term

Number of records used in: 1

001 - CONTROL NUMBER

  • control field: 25493

003 - CONTROL NUMBER IDENTIFIER

  • control field: JO-AjAnu

005 - DATE AND TIME OF LATEST TRANSACTION

  • control field: 20230606074345.0

008 - FIXED-LENGTH DATA ELEMENTS

  • fixed length control field: 230606|| aca||aabn | a|a d

040 ## - CATALOGING SOURCE

  • Original cataloging agency: JO-AjAnu
  • Transcribing agency: JO-AjAnu

150 ## - HEADING--TOPICAL TERM

  • Topical term or geographic name entry element: الشركات التجارية -- المصارف

670 ## - SOURCE DATA FOUND

  • Source citation: Work cat.: (JO-AjAnu)13109: الكيلاني ، محمود , author 25492, الموسوعة التجارية والمصرفية : المجلد الخامس ، الشركات التجارية " دراسة مقارنة "